00710nam a2200205Ia 4500003000900000008004100009040001600050080001300066245010700079260003400186300001700220650002500237650004100262650001200303700002500315700002800340942000700368999001500375952011400390IN-BaIIA211028s9999 xx 000 0 eng d cIIA Library a526bKON 0aMathematische grundlagen der hoheren geodasie und kartographiecedited by von R. Konig und K.H. Weise. aBerlinbSpringer-Verlagc1951 axviii, 522p. aAstronomical geodesy aAstronomy and astrophysics thesaurus aGeodesy aKonig, R., ed.93261 aWeise, K. H., ed.93262 cBK c1643d1643 00104070aBANbBANcGENd0000-00-00g59.60l0o526/ KONp1803r2021-11-05v59.60w0000-00-00yBKGRs. 59.60